000 00322nam a22001217a 4500
999 _c2879
_d2879
005 20200925094046.0
008 200925b ||||| |||| 00| 0 eng d
020 _a 0435901192
040 _cCML
245 _aAmbiguous Adventure.
_cKane, C.H.
260 _aJordan Hill
_bHeinemann
_c1962
942 _2ddc
_cBK
_e1st Edition
_kR
_mKAN